| 000 | 01262nam a2200277Ia 4500 | ||
|---|---|---|---|
| 999 |
_c53013 _d53013 |
||
| 001 | 20044 | ||
| 003 | GE_BSU | ||
| 005 | 20210524131435.0 | ||
| 008 | 181216s ||||ge |||||||||||||| ||geo|| | ||
| 020 | _a9789941081859 | ||
| 040 | _cGE_BSU | ||
| 041 | _ageo | ||
| 080 | _a159.964.2+2 ფ-95 | ||
| 100 |
_aფრომი, ერიხ _911883 |
||
| 245 |
_aფსიქოანალიზი და რელიგია / _cერიხ ფრომი ; მთარგმნელები : ნინა და მარინა თურმანიძეები ; რედაქტორი თამაზ თურმანიძე. |
||
| 264 |
_aთბილისი : _bპეგა, _c2015. |
||
| 300 |
_a198 გვ. ; _c20 სმ. |
||
| 541 | _h15 ლ. | ||
| 653 | _aრელიგია | ||
| 653 | _aფსიქოანალიზი და რელიგია | ||
| 653 | _aფსიქოლოგია | ||
| 700 |
_aთურმანიძე, ნინა _eმთარგმნელი _911863 |
||
| 700 |
_aთურმანიძე, მარინა _eმთარგმნელი _911864 |
||
| 700 |
_aთურმანიძე, თამაზ _eრედაქტორი _911865 |
||
| 942 |
_cBK _2udc |
||